| 000 | 00718nam a2200241Ia 4500 | ||
|---|---|---|---|
| 003 | OSt | ||
| 005 | 20211220133919.0 | ||
| 008 | 210716s2005 xx 000 0 und d | ||
| 020 | _a978-93-5262-162-0 | ||
| 040 | _cAIMIT LIBRARY | ||
| 041 | _aeng | ||
| 082 |
_a332.12 _225 _bGORE |
||
| 100 |
_aGordon, E. _911145 |
||
| 245 |
_aBanking: _bTheory law and practice / by _cE. Gordon and K. Natarajan. |
||
| 250 | _a25th. ed . - | ||
| 260 |
_aNew Delhi: _bHimalaya Publishing House, _c2016 |
||
| 300 | _ax,502p. ; 23.5 cm | ||
| 650 |
_aInvestment Policy. _911146 |
||
| 650 |
_aCommercial banks. _911909 |
||
| 650 |
_aMoney Market. _911910 |
||
| 700 |
_aNatarajan, K. _911911 |
||
| 942 |
_2ddc _cBK _e25th _k332.12 GORE |
||
| 999 |
_c209754 _d209754 |
||